[Event "RSA-ch U08"]
[Site "Gauteng"]
[Date "2017.04.08"]
[Round "6"]
[White "Neethling, Sean"]
[Black "Ally, Azra"]
[Result "0-1"]
[WhiteElo "633"]
[BlackElo "696"]
[PlyCount "33"]
[EventDate "2017.04.05"]
[EventType "swiss"]
[EventRounds "11"]
[EventCountry "RSA"]
[SourceTitle "CBM 177 Extra"]
[Source "ChessBase"]
[SourceDate "2017.04.27"]
[SourceVersion "1"]
[SourceVersionDate "2017.04.27"]
[SourceQuality "1"]

1. e4 e5 2. Nf3 Nc6 3. Bc4 Bc5 4. 0-0 Nf6 5. d3 0-0 6. Nc3 Re8 7. Ne2 d6 8. h3 h5 9. Ng3 Nd4 10. Nxd4 Bxd4 11. Nf5 c6 12. Qf3 Bxf5 13. exf5 e4 14. Qg3 Nh7 15. Qg6 Rf8 16. Bh6 Qh4 17. dxe4 0-1

[Event "RSA-ch U08"]
[Site "Gauteng"]
[Date "2017.04.07"]
[Round "5"]
[White "Neethling, Sean"]
[Black "Boheim, Eugene"]
[Result "1-0"]
[WhiteElo "633"]
[BlackElo "650"]
[PlyCount "24"]
[EventDate "2017.04.05"]
[EventType "swiss"]
[EventRounds "11"]
[EventCountry "RSA"]
[SourceTitle "CBM 177 Extra"]
[Source "ChessBase"]
[SourceDate "2017.04.27"]
[SourceVersion "1"]
[SourceVersionDate "2017.04.27"]
[SourceQuality "1"]

1. e4 g6 2. d4 Bg7 3. Nf3 Nf6 4. e5 Ne4 5. Bd3 Nxf2 6. Kxf2 0-0 7. Rf1 d6 8. Kg1 dxe5 9. dxe5 f6 10. Bc4+ e6 11. Nd4 fxe5 12. b3 e4 1-0